000
00320nam a22001331a 4500
999
_c
158182
_d
158182
082
_a
M301
_b
VSI/P
100
_a
Idaykidam V S
245
_a
Purodasam/
_c
by Idaykidam V S.
260
_a
_b
Vidhyarthi,
_c
1991.
650
_a
Stories Malayalam
650
_a
Literature Malayalam
650
_a
Literature
942
_c
BK